Statistiques concernant Les plus grandes villes mondiales à moins de 1 000 Km

Cliquez ici pour prendre le quiz!

Statistiques générales

  • Ce quiz a été pris 154 fois
  • Le résultat moyen est 42 sur 76

Réponses sur la Carte

Les réponses sont colorées sur une échelle allant du rouge au vert en fonction du pourcentage des utilisateurs qui les ont devinées à leur premier essai. Vous pouvez retrouver ces pourcentages ci-dessous.
 

Statistiques - réponses

D (km)ville% Correct
2500Londres
96%
1054Madrid
96%
3360New York
96%
3564Le Caire
93%
2899Moscou
93%
2903Tokyo
93%
2479Los Angeles
91%
11319Mexico
91%
1484Miami
91%
5380Sydney
90%
1674Buenos Aires
87%
1243Istamboul
87%
7423São Paulo
87%
1158Chicago
85%
4483Johannesburg
84%
1261Le Cap
84%
3130Lima
84%
1139Santiago
84%
3319Jakarta
83%
1869Bogotá
82%
3654Delhi
81%
1325Reykjavik
81%
1533Bangkok
78%
1242Manille
78%
1092Seattle
78%
1800Dakar
76%
1610Antananarivo
75%
1078La Paz
75%
1913Téhéran
75%
1282Dallas
73%
1201Shanghai
73%
1781Kinshasa
71%
2729Perth
71%
6366Lagos
70%
1425Dacca
69%
2161Auckland
68%
1606Khartoum
68%
---Guangzhou
65%
1101Karachi
63%
2453Dar es Salam
58%
1021Mogadiscio
58%
1059Guatemala
57%
2134Anchorage
55%
1337Saint-Domingue
55%
3852Honolulu
53%
1141Windhoek
53%
2086Port Moresby
50%
1437Nu{uk}
48%
1294Manaos
47%
1630Recife
44%
1190Lusaka
39%
1085Victoria
39%
1332Suva
36%
1457Nouméa
27%
1151Apia
26%
1129Belém
26%
2409Fa'{aa}
25%
1402Honiara
25%
1018Iekaterinbourg
24%
1284Al{ice Springs}
20%
1871Ta{rawa}
20%
1291Novossibirsk
16%
1692Urumtchi
16%
1240Chengdu
15%
1087Townsville
9%
1139Av{arua}
7%
3530Ha{nga Roa}
7%
1512Petropavlovsk-
Kamtchatski
7%
2039Sa{ipan}
7%
1082Norilsk
6%
1353Iakoutsk
5%
1016We{no}
5%
1492An{adyr}
4%
1046Jayapura
4%
1021Po{rt Hedland}
4%
1054Pu{erto Ayora}
2%

Distribution des résultats

Percentile par nombre de réponses

% des personnes avec chaque résultat

Votre développement - résultats

Vous n’avez pas pris ce quiz